000 01080cam a2200229Mi 4500
001 rhodendronsazale00adel
003 CaSfIA
005 20210118215240.0
007 cr||||
008 820916s1982 at 000 0 und d
040 _aAU@
_beng
_cAU@
_dOCLCQ
_dCaSfIA
035 _a(OCoLC)220003476
245 0 0 _aRhodendrons & azaleas /
_h[electronic resource]
_cby T.J. Christensen.
260 _aAdelaide :
_bAdelaide Botanic Gardens,
_c[1982]
490 0 _aA.B.G. leaflet ;
_v17/82
029 0 _aAU@
_b000002302996
856 4 1 _uhttp://www.archive.org/details/rhodendronsazale00adel
_zFree eBook from the Internet Archive
856 4 2 _uhttp://www.openlibrary.org/books/OL24218373M
_zAdditional information and access via Open Library
942 _cEB
506 _fНеобхідна авторизація на https://archive.org/ (створення облікового запису безкоштовно)
506 _fНеобхідна авторизація на https://openlibrary.org/ (створення облікового запису безкоштовно)
999 _c543635
_d543635